|
|
|
|
| LEADER |
00000nla2a2200000 4500 |
| 001 |
660906 |
| 005 |
20250924095151.0 |
| 035 |
|
|
|a (RuTPU)RU\TPU\network\31035
|
| 035 |
|
|
|a RU\TPU\network\31032
|
| 090 |
|
|
|a 660906
|
| 100 |
|
|
|a 20191106a2019 k y0engy50 ba
|
| 101 |
0 |
|
|a eng
|
| 102 |
|
|
|a RU
|
| 105 |
|
|
|a y z 100zy
|
| 135 |
|
|
|a drgn ---uucaa
|
| 181 |
|
0 |
|a i
|
| 182 |
|
0 |
|a b
|
| 200 |
1 |
|
|a Time-Stable Wetting Effect of Plasma-Treated Biodegradable Scaffolds Covered with Graphene Oxide
|f P. V. Marjin (Maryin), R. D. Rodriguez (Rodriges) Contreras, E. N. Bolbasov [et al.]
|
| 203 |
|
|
|a Text
|c electronic
|
| 225 |
1 |
|
|a Biomedical and Industrial Applications. Oral Presentation
|
| 300 |
|
|
|a Заглавие с экрана
|
| 320 |
|
|
|a [References: p. 185 (2 tit.)]
|
| 463 |
|
0 |
|0 (RuTPU)RU\TPU\network\30793
|t Surface Modification of Materials by Ion Beams (SMMIB-2019)
|o 21st International Conference, 25-30 August 2019, Tomsk, Russia
|o abstract book
|f National Research Tomsk Polytechnic University (TPU)
|v [P. 185]
|d 2019
|
| 610 |
1 |
|
|a электронный ресурс
|
| 610 |
1 |
|
|a труды учёных ТПУ
|
| 610 |
1 |
|
|a плазма
|
| 610 |
1 |
|
|a каркасы
|
| 610 |
1 |
|
|a оксиды
|
| 610 |
1 |
|
|a графены
|
| 610 |
1 |
|
|a тканевая инженерия
|
| 610 |
1 |
|
|a трансплантация
|
| 610 |
1 |
|
|a плазменная обработка
|
| 610 |
1 |
|
|a имплантанты
|
| 701 |
|
1 |
|a Marjin (Maryin)
|b P. V.
|c physicist
|c engineer of Tomsk Polytechnic University
|f 1994-
|g Pavel Vladimirovich
|3 (RuTPU)RU\TPU\pers\43541
|9 21683
|
| 701 |
|
1 |
|a Rodriguez (Rodriges) Contreras
|b R. D.
|c Venezuelan physicist, doctor of science
|c Professor of Tomsk Polytechnic University
|f 1982-
|g Raul David
|3 (RuTPU)RU\TPU\pers\39942
|9 21179
|
| 701 |
|
1 |
|a Bolbasov
|b E. N.
|c physicist
|c Senior Researcher at Tomsk Polytechnic University, Candidate of Technical Sciences
|f 1981-
|g Evgeny Nikolaevich
|3 (RuTPU)RU\TPU\pers\30857
|9 15103
|
| 701 |
|
1 |
|a Tverdokhlebov
|b S. I.
|c physicist
|c Associate Professor of Tomsk Polytechnic University, Candidate of physical and mathematical science
|f 1961-
|g Sergei Ivanovich
|3 (RuTPU)RU\TPU\pers\30855
|9 15101
|
| 701 |
|
1 |
|a Sheremet
|b E. S.
|c physicist
|c Professor of Tomsk Polytechnic University
|f 1988-
|g Evgeniya Sergeevna
|3 (RuTPU)RU\TPU\pers\40027
|9 21197
|
| 712 |
0 |
2 |
|a Национальный исследовательский Томский политехнический университет
|b Исследовательская школа химических и биомедицинских технологий
|c (2017- )
|3 (RuTPU)RU\TPU\col\23537
|
| 712 |
0 |
2 |
|a Национальный исследовательский Томский политехнический университет
|b Инженерная школа ядерных технологий
|b Лаборатория плазменных гибридных систем
|3 (RuTPU)RU\TPU\col\23381
|
| 712 |
0 |
2 |
|a Национальный исследовательский Томский политехнический университет
|b Инженерная школа ядерных технологий
|b Научно-образовательный центр Б. П. Вейнберга
|3 (RuTPU)RU\TPU\col\23561
|
| 712 |
0 |
2 |
|a Национальный исследовательский Томский политехнический университет
|b Исследовательская школа физики высокоэнергетических процессов
|c (2017- )
|3 (RuTPU)RU\TPU\col\23551
|
| 801 |
|
2 |
|a RU
|b 63413507
|c 20200715
|g RCR
|
| 850 |
|
|
|a 63413507
|
| 856 |
4 |
|
|u https://smmib.ru/assets/files/SMMIB2019_TOMSK_full.pdf#page=186
|
| 942 |
|
|
|c CF
|